LEADER 01833nam a2200373 u 4500 001 000000075379 003 CaOOAMICUS 005 20070226123108.0 008 030625s2002 fr u000 u fre u 020 $a2-7116-1542-1 035 $a10965276 040 $aEFR$bita 041 1 $afre$alat 100 0 $aThomas,$cAquinas, Saint,$d1225-1274.$0(OLS)http://pul/name/39608 240 10$aQuaestiones disputatae$9(Thomas, Aquinas, Saint, 1225?-1274).$pDe veritate.$0(OLS)http://pul/title/98899 245 10$aPremière question disputée.$pLa vérité = :$bDe veritate /$cThomas d'Aquin ; texte latin de l'édition Léonine, introduction, traduction et notes par Christian Brouwer et Marc Peeters. 246 31$aDe veritate 260 $aParis :$bVrin,$c2002. 300 $a185 p. ;$c22 cm 490 1 $aBibliothèque des textes philosophiques, 500 $aTexte latin avec traduction française en regard. 504 $aBibliogr. p. [173]-179. Index. 650 0$aTheology$xEarly works to 1800.$2//eng$0(OLS)http://pul/subject/7428 650 0$aPhilosophy, Medieval$xEarly works to 1800.$2//eng$0(OLS)http://pul/subject/26321 700 1 $aPeeters, Marc.$0(OLS)http://pul/name/50036 700 1 $aBrouwer, Christian.$0(OLS)http://pul/name/50035 830 0$aBibliothèque des textes philosophiques,$x0249-7972.$0(OLS)http://pul/title/6498 850 $aPUL 852 $aPUL$W1$xDP1 Religione 1$y20$m485 B 36.6$j97022$nBK-PRI$b $qStampati$B97022$CPULBib$Z2$F97022 $HPUL92095 $81 941 1 $a8 996 $6020$a2-7116-1542-1$9(OLS)http://pul/number/98302 996 $6245$aPremière question disputée.$pLa vérité = :$bDe veritate$9(OLS)http://pul/title/98900 996 $6246$aDe veritate$9(OLS)http://pul/title/98901 996 $6260$aParis :$bVrin$9(OLS)http://pul/publisher/50780 LEADER 01675nas a2200337 u 4500 001 000000091362 003 CaOOAMICUS 005 20091204161159.0 008 060317c19939999it uu 0 0ita u 035 $a11081843 040 $aPUL$bita 130 0 $aConvivium Assisiense$g[Spogli].$0(OLS)http://pul/title/117939 245 10$aConvivium Assisiense. 260 $aAssisi :$bEdizioni Porziuncola,$c1993- 300 $av. ;$c24 cm 310 $aSemestrale$b1999- 321 $aAnnuale$b1993-1998. 500 $aDescrizione basata sull'annata 2005. 515 $aNel 1999 inizia la nuova serie e la numerazione dei voll. ricomincia da 1. 555 0 $aRicerche dell'Istituto Teologico e dell'Istituto Superiore di Scienze Religiose di Assisi. 650 4$aTeologia$vPeriodici.$0(OLS)http://pul/subject/9282 650 4$aFrancescanesimo$xPeriodici.$0(OLS)http://pul/subject/29662 710 2 $aIstituto Superiore di Scienze Religiose di Assisi.$0(OLS)http://pul/name/59006 710 2 $aIstituto Teologico di Assisi.$0(OLS)http://pul/name/59005 774 0 $tAtti del Convegno internazionale Clara Claris Praeclara.$dAssisi : Edizioni Porziuncola, 2004.$z88-270-0511-0$w()108281 774 1 $aConvegno promosso dall'Istituto teologico di Assisi... (6 novembe 20088 : Assisi)$tCreata ad immagine di Dio.$dAssisi : Cittadella, 2009.$w()116631 850 $aPUL 852 $aPUL$W1$xDP1 Riviste Correnti$y15$m3-34/DP1082.F$j115097$nSE-PRI$bV.1 (1993)-$qPeriodici$B115097$CPULBib$Z2$F115097 $82 941 1 $a5 996 $6245$aConvivium Assisiense$9(OLS)http://pul/title/117940 996 $6260$aAssisi :$bEdizioni Porziuncola$9(OLS)http://pul/publisher/52457